Quality features of human capital in the present stage of development of innovative economy evidence from federal subject of Russian Federation - Republic of Tatarstan

Skúmanie základných charakteristík rozvoja ľudského kapitálu na príklade Ruskej federácie - Republiky Tatarstan.

Guardado en:
Detalles Bibliográficos
Autor principal: Mustafin, Askar Nailevich
Formato: Capítulo de libro
Lenguaje:inglés
Materias:
Etiquetas: Agregar Etiqueta
Sin Etiquetas, Sea el primero en etiquetar este registro!

MARC

LEADER 00000naa a2200000 4500
001 0227807
005 20250520125524.4
041 0 |a eng 
044 |a SK 
245 1 0 |a Quality features of human capital in the present stage of development of innovative economy evidence from federal subject of Russian Federation - Republic of Tatarstan  |c Askar Nailevich Mustafin 
520 |a Skúmanie základných charakteristík rozvoja ľudského kapitálu na príklade Ruskej federácie - Republiky Tatarstan. 
610 2 0 |a kapitál ľudský 
610 2 0 |a kvalita života 
610 2 0 |a produktivita 
610 2 0 |a investície 
610 2 0 |a stratégia inovačná 
610 2 0 |a ekonomika inovatívna 
100 1 |a Mustafin, Askar Nailevich